00390pab a2200121 454500008004000000100002100040245010100061260000900162300001300171362001200184650002500196773004700221180718b2012 xxu||||| |||| 00| 0 eng d aMangaraj, Sujata aStudent learning outcome an indicator of teaching excellence: A case study of an Indian B-school c2012 ap.40-52. aOct-Dec aManagement education aIndian Journal of Training and Development